Volumen de homenaje al Dr. Rodolfo A. Ricabarra.
Guardado en:
| Autor Corporativo: | |
|---|---|
| Otros Autores: | |
| Formato: | Libro |
| Idioma: | Spanish English French |
| Publicado: |
Bahía Blanca :
Instituto de Matemática (CONICET-UNS),
1995.
|
| Series: | Publicaciones del Instituto de Matemática. Actas y volúmenes de homenaje,
4 |
| Materias: | |
| Etiquetas: |
Agregar Etiqueta
Sin Etiquetas, Sea el primero en etiquetar este registro!
|
| LEADER | 02093nam a2200301 a 4500 | ||
|---|---|---|---|
| 001 | MAT.inmabb006415 | ||
| 008 | 960328s1995####ag#a#####b####000#0#spa## | ||
| 005 | 20190530121809.0 | ||
| 245 | 0 | 0 | |a Volumen de homenaje al Dr. Rodolfo A. Ricabarra. |
| 260 | |a Bahía Blanca : |b Instituto de Matemática (CONICET-UNS), |c 1995. | ||
| 300 | |a ix, 113 p. : |b il. ; |c 27 cm. | ||
| 440 | 0 | |a Publicaciones del Instituto de Matemática. |n I, |p Actas y volúmenes de homenaje, |x 0328-2600 ; |v 4 | |
| 546 | |a Español, inglés y francés. | ||
| 505 | 0 | |a Mischa Cotlar and Lázaro Recht, Rodolfo A. Ricabarra (August 1925 - November 1984) -- Edith Iglesias de Ricabarra, Rodolfo A. Ricabarra -- F. Alberto Grünbaum, Some variations on the theme "local-vs-global'' -- Marcos Sebastiani, Solutions algébriques et intégrales premières des feuilletages analytiques sur les surfaces algébriques -- Luis A. Caffarelli and Mario Milman, The regularity of planar maps with bounded compression and rotation -- A. Benedek, P. A. Panzone and R. Panzone, Some comments on the Hausdorff measure of self-similar sets -- C. A. Berenstein, Acerca del teorema de Morera -- A. R. Larotonda and L. Recht, The orbit of a conditional expectation as a reductive homogeneous space -- Miguel Ferrero [Miguel A. Ferrero], Radicals and the singular ideal -- T. V. Panchapagesan, On simple spectral measures -- Oscar Ordaz and Carlos Flores, On sequences with zero sum in abelian groups -- Antonio Tineo, An existence result for a singular elliptic problem. | |
| 504 | |a Incluye referencias bibliográficas. | ||
| 510 | 4 | |a MR, |c 96c:00038 | |
| 700 | 1 | |a Ricabarra, Rodolfo A., |d 1925-1984. | |
| 710 | 2 | |a Instituto de Matemática. INMABB. UNS. CONICET. | |
| 246 | 3 | |a Volumen de homenaje al Doctor Rodolfo A. Ricabarra | |
| 246 | 1 | 4 | |a Homenaje al Dr. Rodolfo A. Ricabarra |
| 246 | 3 | |a Homenaje al Doctor Rodolfo A. Ricabarra | |
| 650 | 0 | |a Mathematics. | |
| 084 | |a 00B30 |2 msc2000 | ||
| 010 | |a 96130775 | ||
| 040 | |a DLC |c DLC | ||
| 041 | 0 | |a spa |a eng |a fre | |
| 859 | |p A-8643 |t Ej.1 |b BIB. MATEMATICA | ||
| 859 | |p A-8644 |t Ej.2 |b BIB. MATEMATICA | ||
